| 000 | 01104nam0a2200253 4500 | ||
|---|---|---|---|
| 001 | RU\NLR\BIBL_A\010009896 | ||
| 005 | 20250613195647.0 | ||
| 010 |
_a978-5-91844-052-0 _9300 |
||
| 035 | _a(NLR Aleph) 010009896 | ||
| 090 |
_a9848313 _c9848313 |
||
| 100 | _a20131203d2013 |||y0rusy50 ca | ||
| 101 | 0 | _arus | |
| 102 | _aRU | ||
| 105 | _ay|||||||||||| | ||
| 200 | 1 |
_aЧуточка тепла в вечной мерзлоте _e[сборник рассказов] _fИв. Овфинбах |
|
| 210 |
_aСанкт-Петербург _cРодные просторы _d2013 |
||
| 215 |
_a207, [1] с. _d16 |
||
| 327 | 0 | _aСодерж.: Мамин рассказ; Утраченные иллюзии; Шапка; Банкир; Палата номер 7; Женщина и Папироса; Чуточку тепла в вечной мерзлоте; Вначале было Слово; Язык мой - враг мой; Реннесанс Renaissance [и др.] | |
| 686 | 2 | _aШ6(2=Р)8-440.5 | |
| 700 | 1 |
_aОвфинбах _bИв. |
|
| 942 | _cBOOK | ||
| 980 | _aNB | ||